[Event "US Cadet Championship"]
[Site "Manchester, NH"]
[Date "2017.08.18"]
[Round "3.1"]
[White "Li, Ben"]
[Black "Huang, Andy"]
[Result "1-0"]
[BlackElo "2178"]
[WhiteElo "2305"]
[LiveChessVersion "1.4.8"]

1. d4 {[%clk 1:30:58]} d5 {[%clk 1:30:55]} 2. Nf3 {[%clk 1:31:23]} Nf6
{[%clk 1:31:20]} 3. c4 {[%clk 1:31:49]} c6 {[%clk 1:31:47]} 4. e3
{[%clk 1:32:15]} e6 {[%clk 1:32:13]} 5. b3 {[%clk 1:32:41]} c5 {[%clk 1:32:40]}
6. Bb2 {[%clk 1:32:41]} cxd4 {[%clk 1:32:38]} 7. exd4 {[%clk 1:32:59]} Be7
{[%clk 1:32:04]} 8. Bd3 {[%clk 1:33:05]} b6 {[%clk 1:31:48]} 9. O-O
{[%clk 1:31:31]} O-O {[%clk 1:30:42]} 10. Nbd2 {[%clk 1:31:17]} Bb7
{[%clk 1:31:01]} 11. Rc1 {[%clk 1:30:49]} Nbd7 {[%clk 1:30:04]} 12. Qe2
{[%clk 1:29:02]} Rc8 {[%clk 1:29:40]} 13. Rfd1 {[%clk 1:15:13]} Rc7
{[%clk 1:20:29]} 14. Ne5 {[%clk 1:04:10]} dxc4 {[%clk 1:20:03]} 15. bxc4
{[%clk 1:04:32]} Nxe5 {[%clk 1:19:41]} 16. Qxe5 {[%clk 0:52:35]} Rd7
{[%clk 1:07:02]} 17. Nf1 {[%clk 0:48:54]} Qc7 {[%clk 0:45:48]} 18. Qe2
{[%clk 0:45:35]} Rfd8 {[%clk 0:42:08]} 19. Ng3 {[%clk 0:44:16]} g6
{[%clk 0:33:01]} 20. d5 {[%clk 0:28:56]} exd5 {[%clk 0:33:22]} 21. cxd5
{[%clk 0:28:59]} Qb8 {[%clk 0:23:43]} 22. Be5 {[%clk 0:26:30]} Qa8
{[%clk 0:24:06]} 23. d6 {[%clk 0:26:41]} Rxd6 {[%clk 0:24:11]} 24. Bxd6
{[%clk 0:26:59]} Bxd6 {[%clk 0:24:36]} 25. Qb2 {[%clk 0:27:07]} Ng4
{[%clk 0:21:11]} 26. Be2 {[%clk 0:26:07]} h5 {[%clk 0:19:25]} 27. Bxg4
{[%clk 0:24:11]} hxg4 {[%clk 0:17:54]} 28. Qf6 {[%clk 0:24:40]} Bc7
{[%clk 0:16:38]} 29. Qe7 {[%clk 0:24:50]} Qb8 {[%clk 0:13:08]} 30. Rxd8+
{[%clk 0:22:20]} Bxd8 {[%clk 0:13:26]} 31. Qd7 {[%clk 0:20:47]} Kf8
{[%clk 0:05:49]} 32. Ne4 {[%clk 0:20:33]} Bxe4 1-0

[Event "US Cadet Championship"]
[Site "Manchester, NH"]
[Date "2017.08.18"]
[Round "3.2"]
[White "Lu, Albert"]
[Black "Yip, Carissa"]
[Result "1-0"]
[BlackElo "2187"]
[WhiteElo "2323"]
[LiveChessVersion "1.4.8"]

1. d4 {[%clk 1:30:58]} d5 {[%clk 1:30:50]} 2. c4 {[%clk 1:31:23]} e6
{[%clk 1:31:17]} 3. Nc3 {[%clk 1:30:37]} Bb4 {[%clk 1:31:44]} 4. a3
{[%clk 1:28:59]} Bxc3+ {[%clk 1:32:04]} 5. bxc3 {[%clk 1:29:27]} Nf6
{[%clk 1:32:26]} 6. e3 {[%clk 1:26:08]} O-O {[%clk 1:32:38]} 7. a4
{[%clk 1:21:49]} c5 {[%clk 1:30:36]} 8. Bd3 {[%clk 1:10:03]} Qc7 {[%clk 1:30:08]}
9. Qc2 {[%clk 1:08:29]} Nbd7 10. cxd5 {[%clk 1:04:43]} exd5 {[%clk 1:27:59]} 11.
Nf3 {[%clk 1:01:57]} b6 {[%clk 1:27:29]} 12. O-O {[%clk 0:58:41]} Bb7
{[%clk 1:27:34]} 13. Ba3 {[%clk 0:49:06]} Rfc8 {[%clk 1:25:03]} 14. Qe2
{[%clk 0:43:19]} Ne4 {[%clk 1:23:56]} 15. Rfc1 {[%clk 0:42:47]} c4
{[%clk 1:22:59]} 16. Bb1 {[%clk 0:36:14]} Bc6 {[%clk 1:15:58]} 17. a5
{[%clk 0:32:12]} bxa5 {[%clk 1:10:42]} 18. Nd2 {[%clk 0:31:14]} Nd6
{[%clk 1:04:34]} 19. Bxd6 {[%clk 0:28:31]} Qxd6 {[%clk 1:04:57]} 20. e4
{[%clk 0:27:59]} f6 {[%clk 0:59:30]} 21. Rxa5 {[%clk 0:24:26]} Qc7
{[%clk 0:57:07]} 22. exd5 {[%clk 0:23:52]} Qxa5 {[%clk 0:45:44]} 23. dxc6
{[%clk 0:22:49]} Rxc6 {[%clk 0:43:23]} 24. Bxh7+ {[%clk 0:16:31]} Kf8
{[%clk 0:43:15]} 25. Re1 {[%clk 0:16:47]} Qd8 {[%clk 0:40:27]} 26. Qf3
{[%clk 0:13:17]} Qc7 {[%clk 0:36:43]} 27. Qd5 {[%clk 0:13:25]} Ne5
{[%clk 0:34:29]} 28. Qg8+ {[%clk 0:13:26]} 1-0

[Event "US Cadet Championship"]
[Site "Manchester, NH"]
[Date "2017.08.18"]
[Round "3.3"]
[White "Shen, Christopher"]
[Black "Kim, Yoon-Young"]
[Result "1/2-1/2"]
[BlackElo "2293"]
[WhiteElo "2167"]
[LiveChessVersion "1.4.8"]

1. Nf3 {[%clk 1:30:57]} d5 {[%clk 1:30:49]} 2. c4 {[%clk 1:31:17]} c6
{[%clk 1:31:15]} 3. g3 {[%clk 1:31:41]} Bg4 {[%clk 1:31:27]} 4. Bg2
{[%clk 1:31:34]} e6 {[%clk 1:31:55]} 5. O-O {[%clk 1:30:59]} Nd7 {[%clk 1:31:42]}
6. cxd5 {[%clk 1:30:10]} exd5 {[%clk 1:31:13]} 7. d3 {[%clk 1:29:28]} Ngf6
{[%clk 1:31:25]} 8. h3 {[%clk 1:29:09]} Bxf3 {[%clk 1:29:15]} 9. Bxf3
{[%clk 1:29:34]} Bc5 {[%clk 1:27:27]} 10. Nc3 {[%clk 1:27:38]} O-O
{[%clk 1:27:27]} 11. Qc2 {[%clk 1:25:30]} Re8 {[%clk 1:27:08]} 12. Na4
{[%clk 1:22:33]} Bd6 {[%clk 1:25:31]} 13. e4 {[%clk 1:15:55]} Qe7
{[%clk 1:20:11]} 14. Nc3 {[%clk 1:13:52]} dxe4 {[%clk 1:19:26]} 15. dxe4
{[%clk 1:14:00]} Rad8 {[%clk 1:19:15]} 16. Re1 {[%clk 1:04:48]} Bc5
{[%clk 1:10:13]} 17. Bg2 {[%clk 0:56:46]} Ne5 {[%clk 1:08:27]} 18. Be3
{[%clk 0:54:34]} Bxe3 {[%clk 1:00:11]} 19. Rxe3 {[%clk 0:54:44]} Rd7
{[%clk 1:00:34]} 20. Ree1 {[%clk 0:44:37]} Red8 {[%clk 0:58:49]} 21. Red1
{[%clk 0:42:04]} Qc5 {[%clk 0:56:29]} 22. Rxd7 {[%clk 0:38:51]} Rxd7
{[%clk 0:56:11]} 23. Rd1 {[%clk 0:38:53]} h6 {[%clk 0:52:45]} 24. Rxd7
{[%clk 0:37:02]} Nfxd7 {[%clk 0:53:06]} 25. Qd2 {[%clk 0:34:14]} Nf8
{[%clk 0:51:41]} 26. Ne2 {[%clk 0:31:15]} Ne6 {[%clk 0:48:10]} 27. Qc3
{[%clk 0:28:30]} Qd6 {[%clk 0:39:03]} 28. f4 {[%clk 0:20:52]} Qd1+
{[%clk 0:38:41]} 29. Bf1 {[%clk 0:16:55]} Nd7 {[%clk 0:37:10]} 30. Qe3
{[%clk 0:14:19]} Nec5 {[%clk 0:35:14]} 31. Nc3 {[%clk 0:11:34]} Qc2
{[%clk 0:34:12]} 32. b4 {[%clk 0:08:46]} Ne6 {[%clk 0:34:04]} 33. Qd3
{[%clk 0:07:53]} Qxd3 {[%clk 0:31:30]} 34. Bxd3 {[%clk 0:08:21]} g5
{[%clk 0:31:01]} 35. Ne2 {[%clk 0:07:27]} Kf8 {[%clk 0:29:05]} 36. Kf2
{[%clk 0:07:27]} Ke7 {[%clk 0:28:33]} 37. Ke3 {[%clk 0:07:41]} Nb6
{[%clk 0:27:39]} 38. Nd4 {[%clk 0:07:01]} Nxd4 {[%clk 0:27:39]} 39. Kxd4
{[%clk 0:07:28]} f6 {[%clk 0:27:37]} 40. Bc2 {[%clk 0:37:10]} Nd7
{[%clk 0:56:55]} 41. Bb3 {[%clk 0:34:47]} Kd6 {[%clk 0:56:56]} 42. a4
{[%clk 0:33:28]} b6 {[%clk 0:56:48]} 43. b5 {[%clk 0:31:49]} Nc5 {[%clk 0:53:21]}
44. e5+ {[%clk 0:31:20]} fxe5+ {[%clk 0:53:44]} 45. fxe5+ {[%clk 0:31:48]} Ke7
{[%clk 0:53:50]} 46. Bd1 {[%clk 0:30:32]} cxb5 {[%clk 0:53:11]} 47. axb5
{[%clk 0:30:59]} a6 {[%clk 0:52:44]} 48. bxa6 {[%clk 0:31:02]} Nxa6
{[%clk 0:53:12]} 49. h4 {[%clk 0:31:15]} gxh4 {[%clk 0:53:27]} 50. gxh4
{[%clk 0:31:43]} Nc7 {[%clk 0:53:13]} 51. Bb3 {[%clk 0:30:34]} Ne6+
{[%clk 0:53:09]} 52. Bxe6 {[%clk 0:30:03]} Kxe6 {[%clk 0:53:37]} 53. h5
{[%clk 0:30:25]} b5 {[%clk 0:53:50]} 54. Kc5 {[%clk 0:30:53]} Kxe5
{[%clk 0:54:14]} 55. Kxb5 {[%clk 0:31:20]} Kf4 {[%clk 0:54:30]} 56. Kc4
{[%clk 0:31:45]} Kg4 {[%clk 0:54:55]} 57. Kd3 {[%clk 0:32:11]} Kxh5
{[%clk 0:55:21]} 58. Ke3 {[%clk 0:32:36]} Kg4 {[%clk 0:55:47]} 59. Ke4 1/2-1/2

[Event "US Cadet Championship"]
[Site "Manchester, NH"]
[Date "2017.08.18"]
[Round "3.4"]
[White "Niemann, Hans"]
[Black "Nguyen, Trung"]
[Result "1-0"]
[BlackElo "2181"]
[WhiteElo "2254"]
[LiveChessVersion "1.4.8"]

1. d4 {[%clk 1:30:59]} d6 {[%clk 1:30:59]} 2. c4 {[%clk 1:31:23]} e5
{[%clk 1:31:28]} 3. Nf3 {[%clk 1:31:48]} e4 {[%clk 1:31:53]} 4. Nfd2
{[%clk 1:32:12]} f5 {[%clk 1:32:17]} 5. e3 {[%clk 1:32:39]} c5 {[%clk 1:32:42]}
6. Nb3 {[%clk 1:33:07]} Nc6 {[%clk 1:33:00]} 7. Nc3 {[%clk 1:32:29]} Nf6
{[%clk 1:33:16]} 8. Be2 {[%clk 1:32:32]} Be7 {[%clk 1:33:39]} 9. f4
{[%clk 1:32:55]} O-O {[%clk 1:31:28]} 10. O-O {[%clk 1:33:06]} Bd7
{[%clk 1:29:28]} 11. Nd5 {[%clk 1:32:18]} b6 {[%clk 1:28:25]} 12. Nxe7+
{[%clk 1:32:10]} Qxe7 {[%clk 1:28:43]} 13. d5 {[%clk 1:32:29]} Nb8
{[%clk 1:27:51]} 14. Bd2 {[%clk 1:32:45]} Na6 {[%clk 1:26:38]} 15. Bc3
{[%clk 1:32:52]} Nc7 {[%clk 1:27:05]} 16. Nd2 {[%clk 1:33:16]} b5
{[%clk 1:02:28]} 17. Ba5 {[%clk 1:29:14]} Rac8 {[%clk 1:02:23]} 18. Bxc7
{[%clk 1:26:31]} Rxc7 {[%clk 1:02:52]} 19. cxb5 {[%clk 1:26:59]} Nxd5
{[%clk 0:48:04]} 20. Bc4 {[%clk 1:27:21]} Be6 {[%clk 0:48:23]} 21. Qb3
{[%clk 1:27:45]} Qf7 {[%clk 0:48:48]} 22. Nxe4 {[%clk 1:27:55]} fxe4
{[%clk 0:40:12]} 23. f5 {[%clk 1:28:13]} Qe7 {[%clk 0:38:46]} 24. Bxd5
{[%clk 1:27:23]} c4 {[%clk 0:37:34]} 25. Qd1 {[%clk 1:27:34]} Bf7
{[%clk 0:33:26]} 26. Bc6 {[%clk 1:27:19]} Be8 {[%clk 0:25:10]} 27. Qd5+
{[%clk 1:27:15]} Kh8 {[%clk 0:24:56]} 28. Qxc4 {[%clk 1:26:05]} Bxc6
{[%clk 0:24:27]} 29. bxc6 {[%clk 1:26:20]} Qe5 {[%clk 0:23:03]} 30. b4
{[%clk 1:25:58]} Rf6 {[%clk 0:19:06]} 31. b5 {[%clk 1:26:05]} Rh6
{[%clk 0:19:31]} 32. g3 {[%clk 1:26:12]} Qb2 {[%clk 0:19:54]} 33. h4
{[%clk 1:26:42]} Qe5 34. Kg2 {[%clk 1:27:05]} Qb2+ {[%clk 0:14:16]} 35. Kh3 Rc8
36. Rab1 {[%clk 1:26:14]} Qd2 {[%clk 0:13:25]} 37. Qd4 {[%clk 1:26:17]} Qe2
{[%clk 0:13:43]} 38. f6 {[%clk 1:26:24]} Rg6 {[%clk 0:14:23]} 39. fxg7+
{[%clk 1:26:38]} Rxg7 40. Rf4 {[%clk 1:53:18]} h5 {[%clk 0:43:25]} 41. a4 Re8
{[%clk 0:42:37]} 42. Rg1 {[%clk 1:52:37]} Kh7 {[%clk 0:42:20]} 43. Rg2
{[%clk 1:51:43]} Qe1 {[%clk 0:41:50]} 44. Kh2 {[%clk 1:52:03]} Re5
{[%clk 0:39:41]} 45. Qxd6 {[%clk 1:51:20]} 1-0

[Event "US Cadet Championship"]
[Site "Manchester, NH"]
[Date "2017.08.18"]
[Round "3.5"]
[White "Nguyen, Emily"]
[Black "Titus, Andrew"]
[Result "1/2-1/2"]
[BlackElo "2131"]
[WhiteElo "2110"]
[LiveChessVersion "1.4.8"]

1. d4 {[%clk 1:30:58]} d5 {[%clk 1:30:55]} 2. c4 {[%clk 1:31:23]} e6
{[%clk 1:31:23]} 3. Nc3 {[%clk 1:31:46]} Nf6 {[%clk 1:31:51]} 4. cxd5
{[%clk 1:31:46]} exd5 {[%clk 1:32:12]} 5. Bg5 {[%clk 1:32:10]} Be7
{[%clk 1:32:38]} 6. Qc2 {[%clk 1:32:34]} c6 {[%clk 1:33:05]} 7. e3
{[%clk 1:33:00]} Nbd7 {[%clk 1:33:32]} 8. Bd3 {[%clk 1:33:23]} Nh5
{[%clk 1:33:59]} 9. Bxe7 {[%clk 1:32:33]} Qxe7 {[%clk 1:34:35]} 10. Nf3
{[%clk 1:30:24]} Nf4 11. O-O {[%clk 1:23:51]} Nxd3 {[%clk 1:35:03]} 12. Qxd3
{[%clk 1:24:12]} Nf6 {[%clk 1:35:09]} 13. Ne5 {[%clk 1:21:59]} Ne4 14. f3
{[%clk 1:14:09]} Nxc3 {[%clk 1:34:51]} 15. Qxc3 {[%clk 1:14:23]} O-O
{[%clk 1:29:07]} 16. Rae1 {[%clk 1:07:42]} Be6 {[%clk 1:26:15]} 17. Nd3
{[%clk 1:04:04]} Qd6 {[%clk 1:15:12]} 18. Nc5 b6 {[%clk 1:11:47]} 19. Nxe6
{[%clk 1:02:19]} Qxe6 20. a3 {[%clk 0:57:35]} Rfc8 {[%clk 1:11:18]} 21. e4
{[%clk 0:54:22]} c5 {[%clk 1:10:36]} 22. exd5 {[%clk 0:48:08]} Qxd5
{[%clk 1:10:59]} 23. dxc5 Qxc5+ {[%clk 1:09:31]} 24. Qxc5 {[%clk 0:48:15]} Rxc5
{[%clk 1:09:58]} 25. Re7 {[%clk 0:47:13]} Rc2 26. Rf2 {[%clk 0:40:36]} Rc1+
{[%clk 1:10:18]} 27. Rf1 {[%clk 0:41:00]} Rc2 {[%clk 1:10:17]} 28. Rf2
{[%clk 0:41:24]} Rc1+ {[%clk 1:10:39]} 29. Rf1 {[%clk 0:41:49]} Rc2
{[%clk 1:09:31]} 1/2-1/2

[Event "US Cadet Championship"]
[Site "Manchester, NH"]
[Date "2017.08.19"]
[Round "4.1"]
[White "Huang, Andy"]
[Black "Titus, Andrew"]
[Result "1-0"]
[BlackElo "2131"]
[WhiteElo "2178"]
[LiveChessVersion "1.4.8"]

1. e4 {[%clk 1:30:57]} c5 {[%clk 1:30:55]} 2. Nf3 {[%clk 1:31:07]} d6
{[%clk 1:31:14]} 3. d4 {[%clk 1:31:32]} cxd4 {[%clk 1:31:42]} 4. Nxd4
{[%clk 1:31:46]} Nf6 {[%clk 1:32:01]} 5. Nc3 {[%clk 1:32:13]} a6 {[%clk 1:32:27]}
6. Bc4 {[%clk 1:32:41]} e6 {[%clk 1:32:52]} 7. O-O {[%clk 1:33:07]} Be7
{[%clk 1:29:58]} 8. a4 {[%clk 1:31:20]} O-O {[%clk 1:26:14]} 9. a5
{[%clk 1:26:44]} Nc6 {[%clk 1:22:19]} 10. Nxc6 {[%clk 1:25:38]} bxc6
{[%clk 1:22:39]} 11. Be3 {[%clk 1:13:34]} c5 {[%clk 1:20:50]} 12. Qd3
{[%clk 1:10:22]} Bb7 {[%clk 1:19:57]} 13. Rfd1 {[%clk 1:09:18]} Qc7
{[%clk 1:18:18]} 14. Bf4 {[%clk 1:06:12]} Rfd8 {[%clk 1:17:30]} 15. Qe2
{[%clk 0:57:03]} Qc6 {[%clk 1:04:23]} 16. f3 {[%clk 0:57:00]} h6 {[%clk 0:58:04]}
17. Na4 {[%clk 0:47:09]} Bf8 {[%clk 0:57:58]} 18. Nb6 {[%clk 0:45:43]} Ra7
{[%clk 0:55:08]} 19. Bb3 {[%clk 0:32:22]} Qe8 {[%clk 0:50:44]} 20. Rd2
{[%clk 0:31:41]} Nh5 {[%clk 0:43:51]} 21. Be3 {[%clk 0:31:43]} d5
{[%clk 0:43:29]} 22. e5 {[%clk 0:24:08]} d4 {[%clk 0:40:00]} 23. Bf2
{[%clk 0:24:35]} Nf4 {[%clk 0:39:45]} 24. Qf1 {[%clk 0:22:19]} Be7
{[%clk 0:37:00]} 25. c3 {[%clk 0:18:58]} Bg5 {[%clk 0:31:52]} 26. Rad1
{[%clk 0:19:05]} d3 {[%clk 0:31:10]} 27. Rxd3 {[%clk 0:12:04]} Nxd3
{[%clk 0:29:32]} 28. Rxd3 {[%clk 0:12:33]} Qb5 {[%clk 0:28:21]} 29. Bc2
{[%clk 0:08:03]} Qxa5 {[%clk 0:20:38]} 30. b4 {[%clk 0:06:26]} Qa3
{[%clk 0:18:39]} 31. Bxc5 {[%clk 0:04:05]} Rxd3 32. Qxd3 {[%clk 0:04:34]} Qc1+
{[%clk 0:15:39]} 33. Kf2 {[%clk 0:04:38]} g6 {[%clk 0:15:21]} 34. Nc4
{[%clk 0:02:50]} Ra8 {[%clk 0:15:08]} 35. Nd6 {[%clk 0:02:56]} Rd8
{[%clk 0:13:47]} 36. Bb6 {[%clk 0:02:05]} Bh4+ {[%clk 0:10:56]} 37. g3
{[%clk 0:02:13]} Qh1 {[%clk 0:10:51]} 38. Bxd8 {[%clk 0:01:55]} Qxh2+
{[%clk 0:10:07]} 39. Ke3 {[%clk 0:01:32]} Qg1+ {[%clk 0:07:51]} 40. Kd2
{[%clk 0:31:05]} Bxg3 {[%clk 0:35:28]} 41. Qe3 {[%clk 0:25:59]} Bf2
{[%clk 0:26:57]} 42. Qe2 {[%clk 0:26:09]} Bc6 {[%clk 0:24:36]} 43. Ne4
{[%clk 0:25:41]} Bxe4 {[%clk 0:23:51]} 44. Qxe4 {[%clk 0:23:54]} h5
{[%clk 0:22:29]} 45. Bf6 {[%clk 0:19:44]} Kh7 {[%clk 0:22:44]} 46. Bd1
{[%clk 0:19:56]} Bg3 {[%clk 0:21:16]} 47. Qa8 {[%clk 0:14:59]} Be1+
{[%clk 0:13:16]} 48. Kd3 {[%clk 0:13:19]} g5 {[%clk 0:13:26]} 49. Bc2
{[%clk 0:12:50]} Qf1+ {[%clk 0:12:59]} 50. Kd4+ {[%clk 0:12:56]} 1-0

[Event "US Cadet Championship"]
[Site "Manchester, NH"]
[Date "2017.08.19"]
[Round "4.2"]
[White "Nguyen, Trung"]
[Black "Nguyen, Emily"]
[Result "1/2-1/2"]
[WhiteElo "2181"]
[BlackElo "2110"]
[PlyCount "106"]
[EventDate "2017.??.??"]
[WhiteClock "0:02:18"]
[BlackClock "0:03:51"]

1. d4 d5 2. c4 c6 3. cxd5 cxd5 4. Nf3 Nf6 5. Nc3 Nc6 6. Ne5 e6 7. Nxc6 bxc6 8.
g3 c5 9. Bg2 Bb7 10. O-O Be7 11. dxc5 Bxc5 12. Na4 Be7 13. Be3 O-O 14. Nc5 Bc6
15. Rc1 Rc8 16. Bd4 Ba8 17. Nd3 Qa5 18. a3 Ne4 19. b4 Qa6 20. Bb2 Rxc1 21. Qxc1
Rc8 22. Qd1 Nc3 23. Qd2 Ne4 24. Qd1 Nc3 25. Qd2 Ne4 26. Qe3 Bg5 27. f4 Bd8 28.
Bd4 Bb6 29. Nc5 Bxc5 30. bxc5 Qa5 31. Rd1 Bc6 32. f5 exf5 33. Bxe4 fxe4 34. Qg5
f6 35. Bxf6 Qc7 36. Be5 Qd7 37. Bd6 Re8 38. e3 Qe6 39. Qf4 Qf7 40. Rb1 Qxf4 41.
gxf4 Kf7 42. Kf2 Rd8 43. Ke2 Ke6 44. Kd2 Rd7 45. Kc3 g6 46. Rb8 Rb7 47. Rxb7
Bxb7 48. Kb4 Kd7 49. Kc3 Kc6 50. Kd4 Bc8 51. Bb8 a6 52. Ba7 Bf5 53. Ke5 h5
1/2-1/2

[Event "US Cadet Championship"]
[Site "Manchester, NH"]
[Date "2017.08.19"]
[Round "4.3"]
[White "Kim, Yoon-Young"]
[Black "Niemann, Hans"]
[Result "1/2-1/2"]
[BlackElo "2254"]
[WhiteElo "2293"]
[LiveChessVersion "1.4.8"]

1. Nf3 {[%clk 1:30:45]} c5 {[%clk 1:30:56]} 2. c4 {[%clk 1:31:06]} Nc6
{[%clk 1:31:24]} 3. d4 {[%clk 1:31:26]} cxd4 {[%clk 1:31:47]} 4. Nxd4
{[%clk 1:31:52]} Nf6 {[%clk 1:32:11]} 5. g3 {[%clk 1:32:12]} d6 {[%clk 1:32:37]}
6. Bg2 {[%clk 1:32:38]} Bd7 {[%clk 1:33:04]} 7. O-O {[%clk 1:32:57]} g6
{[%clk 1:33:32]} 8. b3 {[%clk 1:33:20]} Bg7 {[%clk 1:33:56]} 9. Bb2
{[%clk 1:33:47]} O-O {[%clk 1:34:17]} 10. Nc2 {[%clk 1:34:14]} a6
{[%clk 1:34:32]} 11. Nc3 {[%clk 1:34:38]} Rb8 {[%clk 1:35:00]} 12. Nd5
{[%clk 1:34:47]} Nxd5 {[%clk 1:33:53]} 13. Bxg7 {[%clk 1:35:12]} Kxg7
{[%clk 1:34:19]} 14. cxd5 {[%clk 1:35:35]} Ne5 {[%clk 1:34:45]} 15. Nd4
{[%clk 1:36:00]} Qa5 {[%clk 1:34:24]} 16. h3 {[%clk 1:35:50]} f6 {[%clk 1:34:45]}
17. Qe1 {[%clk 1:34:01]} Qxe1 {[%clk 1:22:13]} 18. Rfxe1 {[%clk 1:34:13]} Rfc8
{[%clk 1:22:28]} 19. f4 {[%clk 1:32:16]} Nf7 {[%clk 1:22:46]} 20. Rac1
{[%clk 1:31:31]} Rc5 {[%clk 1:22:10]} 21. b4 {[%clk 1:30:23]} Rxc1
{[%clk 1:22:33]} 22. Rxc1 {[%clk 1:30:27]} Rc8 {[%clk 1:22:57]} 23. Rxc8
{[%clk 1:30:38]} Bxc8 {[%clk 1:23:24]} 24. e4 {[%clk 1:30:15]} f5
{[%clk 1:23:24]} 25. exf5 {[%clk 1:30:05]} gxf5 {[%clk 1:23:41]} 26. Kf2
{[%clk 1:30:02]} Kf6 {[%clk 1:23:41]} 27. Ke3 {[%clk 1:30:08]} h5
{[%clk 1:22:26]} 28. Bf3 {[%clk 1:26:58]} Kg6 {[%clk 1:22:44]} 29. Nb3
{[%clk 1:25:52]} Nh6 {[%clk 1:10:33]} 30. Na5 {[%clk 1:23:59]} Ng8
{[%clk 1:10:47]} 31. Nc4 {[%clk 1:23:11]} Bd7 {[%clk 1:11:01]} 32. Nb6
{[%clk 1:23:10]} Bb5 {[%clk 1:11:02]} 33. a4 {[%clk 1:22:19]} Bf1
{[%clk 1:11:04]} 34. h4 {[%clk 1:22:11]} Nf6 {[%clk 1:11:17]} 35. Kd4
{[%clk 1:21:32]} Bh3 {[%clk 1:09:06]} 36. Na8 {[%clk 1:19:49]} Bg4
{[%clk 1:08:18]} 37. Bg2 {[%clk 1:19:46]} Bd1 {[%clk 1:07:42]} 38. a5
{[%clk 1:19:31]} Bc2 {[%clk 1:07:26]} 39. Nc7 {[%clk 1:19:38]} Ne4
{[%clk 1:00:33]} 40. Bxe4 {[%clk 1:46:58]} Bxe4 {[%clk 1:27:16]} 41. Ne6
{[%clk 1:46:51]} Kf6 {[%clk 1:21:34]} 42. Kc4 {[%clk 1:25:02]} Kf7
{[%clk 1:18:58]} 43. Nc7 {[%clk 1:19:38]} Bg2 {[%clk 1:17:33]} 44. Kd4
{[%clk 1:19:39]} Bf1 {[%clk 1:17:19]} 45. Ne6 {[%clk 1:19:03]} Bb5
{[%clk 1:17:01]} 46. Nd8+ {[%clk 1:18:55]} Ke8 {[%clk 1:16:53]} 47. Ne6
{[%clk 1:19:09]} 1/2-1/2

[Event "US Cadet Championship"]
[Site "Manchester, NH"]
[Date "2017.08.19"]
[Round "4.4"]
[White "Yip, Carissa"]
[Black "Shen, Christopher"]
[Result "1-0"]
[BlackElo "2167"]
[WhiteElo "2187"]
[LiveChessVersion "1.4.8"]

1. e4 {[%clk 1:30:55]} e6 {[%clk 1:30:54]} 2. d4 {[%clk 1:31:21]} d5
{[%clk 1:31:19]} 3. Nd2 {[%clk 1:31:47]} c5 {[%clk 1:31:44]} 4. exd5
{[%clk 1:31:11]} Qxd5 {[%clk 1:32:09]} 5. Ngf3 {[%clk 1:31:37]} cxd4
{[%clk 1:32:27]} 6. Bc4 {[%clk 1:32:00]} Qd7 {[%clk 1:32:46]} 7. O-O
{[%clk 1:32:10]} Nc6 {[%clk 1:33:07]} 8. Nb3 {[%clk 1:32:15]} a6 {[%clk 1:33:20]}
9. Re1 {[%clk 1:32:38]} Nf6 {[%clk 1:31:56]} 10. Nbxd4 {[%clk 1:33:01]} Nxd4
{[%clk 1:32:18]} 11. Nxd4 {[%clk 1:33:28]} Qc7 {[%clk 1:32:20]} 12. Qe2
{[%clk 1:33:50]} Bd7 {[%clk 1:31:20]} 13. Bg5 {[%clk 1:33:49]} O-O-O
{[%clk 1:30:53]} 14. Rad1 {[%clk 1:34:10]} Bd6 {[%clk 1:28:26]} 15. Bxa6
{[%clk 1:32:34]} Bb4 {[%clk 1:04:31]} 16. c3 {[%clk 1:27:08]} Bd6
{[%clk 1:03:38]} 17. h3 {[%clk 1:26:38]} bxa6 {[%clk 0:54:48]} 18. Qxa6+
{[%clk 1:24:52]} Kb8 {[%clk 0:25:27]} 19. c4 {[%clk 1:21:00]} Bc5 20. Rd3
{[%clk 1:20:36]} Ba4 {[%clk 0:18:34]} 21. Qxa4 Rxd4 {[%clk 0:17:12]} 22. Rb3+
{[%clk 1:19:14]} Bb6 {[%clk 0:06:58]} 23. Be3 {[%clk 1:17:26]} Rd6
{[%clk 0:07:17]} 24. c5 {[%clk 1:17:46]} Rc6 25. Bf4 1-0

[Event "US Cadet Championship"]
[Site "Manchester, NH"]
[Date "2017.08.19"]
[Round "4.5"]
[White "Li, Ben"]
[Black "Lu, Albert"]
[Result "1-0"]
[BlackElo "2323"]
[WhiteElo "2305"]
[LiveChessVersion "1.4.8"]

1. d4 {[%clk 1:30:56]} d5 {[%clk 1:30:55]} 2. Nf3 {[%clk 1:31:14]} Nf6
{[%clk 1:31:12]} 3. c4 {[%clk 1:31:39]} e6 {[%clk 1:31:39]} 4. Nc3
{[%clk 1:32:04]} Be7 {[%clk 1:32:02]} 5. Bf4 {[%clk 1:32:27]} O-O
{[%clk 1:32:24]} 6. a3 {[%clk 1:32:53]} c5 {[%clk 1:31:29]} 7. dxc5
{[%clk 1:33:15]} Bxc5 {[%clk 1:31:47]} 8. e3 {[%clk 1:33:41]} Nc6
{[%clk 1:32:09]} 9. Qc2 {[%clk 1:34:03]} Re8 {[%clk 1:28:22]} 10. Bg5 d4
{[%clk 1:24:49]} 11. O-O-O {[%clk 1:21:02]} e5 12. Nd5 {[%clk 1:18:08]} b5
{[%clk 1:21:15]} 13. Nxf6+ {[%clk 1:07:38]} gxf6 {[%clk 1:20:40]} 14. cxb5
{[%clk 1:07:40]} Na5 {[%clk 1:09:15]} 15. exd4 {[%clk 1:00:41]} Bxd4
{[%clk 0:50:02]} 16. Bd2 {[%clk 0:55:46]} Bg4 {[%clk 0:42:32]} 17. Bxa5
{[%clk 0:44:28]} Qxa5 {[%clk 0:42:31]} 18. Nxd4 {[%clk 0:44:13]} exd4
{[%clk 0:42:19]} 19. Bc4 {[%clk 0:43:23]} Rac8 {[%clk 0:32:31]} 20. Kb1
{[%clk 0:43:28]} Bxd1 {[%clk 0:31:31]} 21. Rxd1 {[%clk 0:43:36]} Re1
{[%clk 0:31:25]} 22. Rxe1 {[%clk 0:40:55]} Qxe1+ {[%clk 0:31:43]} 23. Ka2
{[%clk 0:41:23]} Kg7 {[%clk 0:29:08]} 24. Qb3 {[%clk 0:35:52]} Qxf2
{[%clk 0:27:01]} 25. Bxf7 Qe3 26. Qd5 {[%clk 0:33:56]} Qe5 {[%clk 0:15:01]} 27.
Qb3 {[%clk 0:34:22]} Qe3 {[%clk 0:15:14]} 28. Qd5 {[%clk 0:34:50]} Qe5
{[%clk 0:15:39]} 29. Qb3 {[%clk 0:35:08]} Rd8 {[%clk 0:16:01]} 30. Bc4
{[%clk 0:34:31]} Qxh2 {[%clk 0:12:42]} 31. g3 {[%clk 0:30:20]} d3
{[%clk 0:10:48]} 32. Qb4 {[%clk 0:30:12]} Qe2 33. Qc5 Qe5 {[%clk 0:06:02]} 34.
Qxa7+ {[%clk 0:26:19]} Kh6 35. Qb6 Qd4 {[%clk 0:04:45]} 36. Qxd4 {[%clk 0:18:18]}
Rxd4 {[%clk 0:05:14]} 37. Bb3 d2 {[%clk 0:03:49]} 38. a4 {[%clk 0:19:08]} d1=Q
{[%clk 0:00:56]} 39. Bxd1 {[%clk 0:19:36]} Rxd1 {[%clk 0:01:20]} 40. b6
{[%clk 0:50:04]} Rd8 {[%clk 0:30:34]} 41. a5 {[%clk 0:50:25]} Rb8
{[%clk 0:08:44]} 42. b4 {[%clk 0:50:47]} Kg5 {[%clk 0:05:27]} 43. b5
{[%clk 0:51:12]} Kg4 44. Kb3 Kxg3 {[%clk 0:01:48]} 45. Kb4 {[%clk 0:51:40]} f5
{[%clk 0:01:34]} 46. a6 {[%clk 0:51:49]} f4 47. a7 {[%clk 0:51:19]} Rf8
{[%clk 0:01:14]} 48. b7 {[%clk 0:51:44]} f3 {[%clk 0:01:41]} 49. b8=Q+
{[%clk 0:52:08]} Rf4+ 50. Qxf4+ {[%clk 0:52:03]} 1-0